000
00383nam a2200145Ia 4500
008
100122s9999 xx 000 0 und d
082
_b
59520
_a
641.5
100
_a
बर्वे मंगला
245
_a
मेजवानी
260
_b
औदुंबर
_c
2001
300
_a
282
630
_a
मेजवानी
730
_a
मेजवानी
942
_c
BOOK
999
_c
435083
_d
435080